| 000 | 00000nam##2200000za#4500 |
| 001 | 9.687967 |
| 003 | CaOODSP |
| 005 | 20210624231219 |
| 007 | cr ||||||||||| |
| 008 | 150407|2005||||xxc|||||o f|0| 0 eng|d |
| 020 | |a0-662-42250-3 |
| 040 | |aCaOODSP|beng |
| 043 | |an-cn--- |
| 086 | 1 |aHP5-11/2005E-PDF |
| 110 | 2 |aPublic Health Agency of Canada. |
| 245 | 10|aEnhancing capacity for surveillance of chronic disease risk factors and determinants |h[electronic resource] |
| 260 | |aOttawa - Ontario : |bPublic Health Agency of Canada |cJune 2005. |
| 300 | |a49p.|bfigs., tables |
| 500 | |aThe catalogue number (HP5-11/2005) and ISBN (0-662-69524-0) for the bilingual print edition have been incorrectly copied in this PDF edition. |
| 590 | |a15-05-Supp|b2015-03-31 |
| 690 | 07|aChronic diseases|2gcpds |
| 776 | 0#|tEnhancing capacity for surveillance of chronic disease risk factors and determinants / |w(CaOODSP)9.667121 |
| 776 | 0#|tAccroître la capacité de surveillance des facteurs de risque et des déterminants reliées aux maladies chroniques / |w(CaOODSP)9.667122 |
| 856 | 40|ahttp://publications.gc.ca|qPDF|s902 KB|uhttps://publications.gc.ca/collections/collection_2009/aspc-phac/HP5-11-2005E.pdf |